Contribución sobre utilidades de la riqueza mobiliaria (Record no. 47765)
[ view plain ]
| 000 -LEADER | |
|---|---|
| campo de control de longitud fija | 00606nam a2200157 i 4500 |
| 001 - NÚMERO DE CONTROL | |
| campo de control | 47765 |
| 003 - IDENTIFICADOR DE NÚMERO DE CONTROL | |
| campo de control | ES-MaACL |
| 005 - FECHA Y HORA DE LA ÚLTIMA TRANSACCIÓN | |
| campo de control | 20230906161627.0 |
| 007 - CAMPO FIJO DE DESCRIPCIÓN FÍSICA--INFORMACIÓN GENERAL | |
| campo de control de longitud fija | t| |
| 008 - DATOS DE LONGITUD FIJA--INFORMACIÓN GENERAL | |
| campo de control de longitud fija | 030522s1906 sp ||||1| spa d |
| 245 00 - MENCIÓN DEL TÍTULO | |
| Título | Contribución sobre utilidades de la riqueza mobiliaria |
| Resto del título | : Ley reformada de 27 de marzo de 1900 y Reglamento definitivo de 17 de septiembre de 1906 : anotado y concordado. |
| 260 ## - PUBLICACIÓN, DISTRIBUCIÓN, ETC. | |
| Lugar de publicación, distribución, etc. | Madrid : |
| Nombre del editor, distribuidor, etc. | [s.n.], |
| Fecha de publicación, distribución, etc. | 1906 ( |
| Fabricante | Imp. de la Gaceta de Madrid) |
| 300 ## - DESCRIPCIÓN FÍSICA | |
| Extensión | 79 p. ; |
| Dimensiones | 19 cm. |
| 500 ## - NOTA GENERAL | |
| Nota general | Forma parte de la "Biblioteca legislativa de la Gaceta de Madrid" |
| 852 ## - LOCALIZACIÓN | |
| Ubicación | ES-MaACL |
| Número de control de estantería | T-1206-F-1 |
| Estatus retirado | Estado de pérdida | Estado de daño | No para préstamo | Colección | Biblioteca de origen | Biblioteca actual | Ubicación en estantería | Fecha de adquisición | Fuente de adquisición | Total de préstamos | Signatura topográfica completa | Código de barras | Visto por última vez | Precio de reemplazo | Tipo de ítem Koha |
|---|---|---|---|---|---|---|---|---|---|---|---|---|---|---|---|
| Colección de folletos | Biblioteca del Ateneo de Madrid | Biblioteca del Ateneo de Madrid | Depósito folletos | 17/01/2008 | T-1206-F-1 | 1050261 | 23/02/2023 | 23/02/2023 | Folleto |
